Un problema por resolver: crisis fiscal y desarrollo con equidad en Costa Rica /
Bewaard in:
| Hoofdauteur: | |
|---|---|
| Formaat: | Texto |
| Onderwerpen: | |
| Tags: |
Voeg label toe
Geen labels, Wees de eerste die dit record labelt!
|
MARC
| LEADER | 00000 a a2200000 04500 | ||
|---|---|---|---|
| 001 | 8205 | ||
| 003 | |||
| 040 | |||
| 100 | |a Campbell Barr, Epsy | ||
| 245 | |a Un problema por resolver: crisis fiscal y desarrollo con equidad en Costa Rica / |c Epsy Campbell Barr | ||
| 650 | |a DEUDA PUBLICA | ||
| 650 | |a DEFICIT | ||
| 650 | |a POBREZA | ||
| 650 | |a ACUERDOS FISCALES | ||
| 650 | |a GASTOS PUBLICOS | ||
| 773 | |g volumen 5, número 3; páginas 57-61 | ||
| 999 | |c 32907 |d 32907 | ||
